000 00473nam a2200157Ia 4500
001 23709
003 GE_BSU
008 181216s||||||||xx |||||||||||||| ||und||
040 _cGE_BSU
245 _aВопросы философии, №1. 2018.
245 _cГл.ред. Пружинин Борис Исаевич и др.
653 _aВопросы философии. №1. 2018.
653 _aПериодика
653 _aპერიოდიკა
942 _cCR
999 _c56593
_d56593